[Event "Chess24 Banter Blitz Cup"]
[Site "chess24.com INT"]
[Date "2020.01.04"]
[Round "2.5"]
[White "Gozzoli, Yannick"]
[Black "Svidler, Peter"]
[Result "1-0"]
[WhiteElo "2604"]
[BlackElo "2729"]
[PlyCount "47"]
[EventDate "2019.09.25"]
[EventType "k.o. (blitz)"]
[EventRounds "7"]
[EventCountry "USA"]
[SourceTitle "CBM 194 Extra"]
[Source "ChessBase"]
[SourceDate "2020.03.31"]
[SourceVersion "1"]
[SourceVersionDate "2020.03.31"]
[SourceQuality "1"]

1. d4 d5 2. Nf3 Nf6 3. c4 c6 4. Nc3 a6 5. a4 dxc4 6. e4 b5 7. e5 Nd5 8. axb5
Nxc3 9. bxc3 cxb5 10. Ng5 Ra7 11. e6 Bxe6 12. Nxe6 fxe6 13. Qh5+ g6 14. Qe5 Rg8
15. Qxe6 Rg7 16. Be2 Rf7 17. O-O Qd7 18. Qe4 Qf5 19. Qe3 Nd7 20. Bf3 Nf6 21. d5
Qd7 22. d6 e6 23. Ba3 Bxd6 24. Rfd1 1-0

[Event "Chess24 Banter Blitz Cup"]
[Site "chess24.com INT"]
[Date "2020.01.04"]
[Round "2.6"]
[White "Svidler, Peter"]
[Black "Gozzoli, Yannick"]
[Result "0-1"]
[WhiteElo "2729"]
[BlackElo "2604"]
[PlyCount "100"]
[EventDate "2019.09.25"]
[EventType "k.o. (blitz)"]
[EventRounds "7"]
[EventCountry "USA"]
[SourceTitle "CBM 194 Extra"]
[Source "ChessBase"]
[SourceDate "2020.03.31"]
[SourceVersion "1"]
[SourceVersionDate "2020.03.31"]
[SourceQuality "1"]

1. e4 e5 2. Nf3 Nc6 3. Bb5 a6 4. Ba4 Nf6 5. O-O Be7 6. Re1 b5 7. Bb3 d6 8. c3
O-O 9. d4 Bg4 10. Be3 Bh5 11. Nbd2 Na5 12. Bc2 Ng4 13. b4 Nxe3 14. Rxe3 Nc6 15.
d5 Nb8 16. Qf1 Nd7 17. a4 Nb6 18. axb5 axb5 19. Rxa8 Qxa8 20. Qxb5 Qa1+ 21. Qf1
Ra8 22. Nb3 Qb2 23. Bd1 Ra3 24. Na5 Rxc3 25. Rxc3 Qxc3 26. Nc6 Bf8 27. Qe2 f6
28. h3 Be8 29. b5 Nd7 30. Qc2 Qxc2 31. Bxc2 Nc5 32. Nd2 Kf7 33. Nc4 Nd7 34. f3
Nb6 35. Nxb6 cxb6 36. g3 g6 37. Kg2 Bh6 38. h4 Be3 39. Bd3 Bc5 40. Be2 Bd7 41.
Bd3 f5 42. Kf1 h5 43. Ke2 Kf6 44. exf5 gxf5 45. f4 e4 46. Bc4 Be8 47. Bb3 Bf7
48. Bc4 Bb4 49. Kf1 Bc5 50. Ke2 e3 0-1

[Event "Chess24 Banter Blitz Cup"]
[Site "chess24.com INT"]
[Date "2020.01.04"]
[Round "2.7"]
[White "Gozzoli, Yannick"]
[Black "Svidler, Peter"]
[Result "1/2-1/2"]
[WhiteElo "2604"]
[BlackElo "2729"]
[PlyCount "57"]
[EventDate "2019.09.25"]
[EventType "k.o. (blitz)"]
[EventRounds "7"]
[EventCountry "USA"]
[SourceTitle "CBM 194 Extra"]
[Source "ChessBase"]
[SourceDate "2020.03.31"]
[SourceVersion "1"]
[SourceVersionDate "2020.03.31"]
[SourceQuality "1"]

1. d4 Nf6 2. Nf3 d5 3. c4 c6 4. Nc3 a6 5. a4 e6 6. Bg5 Nbd7 7. e3 Qa5 8. Nd2
Bb4 9. Qc2 dxc4 10. Bxf6 Nxf6 11. Nxc4 Qc7 12. Be2 O-O 13. O-O c5 14. Ne4 Nxe4
15. Qxe4 cxd4 16. Qxd4 Rd8 17. Qe4 f5 18. Qf4 Qxf4 19. exf4 Bd7 20. Nb6 Rab8
21. Nxd7 Rxd7 22. Bc4 Kf7 23. Rad1 Rbd8 24. Rxd7+ Rxd7 25. g3 Rd2 26. b3 Kf6
27. Kg2 a5 28. Re1 Rd6 29. Re2 1/2-1/2

[Event "Chess24 Banter Blitz Cup"]
[Site "chess24.com INT"]
[Date "2020.01.04"]
[Round "2.8"]
[White "Svidler, Peter"]
[Black "Gozzoli, Yannick"]
[Result "1-0"]
[WhiteElo "2729"]
[BlackElo "2604"]
[PlyCount "53"]
[EventDate "2019.09.25"]
[EventType "k.o. (blitz)"]
[EventRounds "7"]
[EventCountry "USA"]
[SourceTitle "CBM 194 Extra"]
[Source "ChessBase"]
[SourceDate "2020.03.31"]
[SourceVersion "1"]
[SourceVersionDate "2020.03.31"]
[SourceQuality "1"]

1. e4 e5 2. Nf3 Nc6 3. Bc4 Nf6 4. d3 Bc5 5. c3 d6 6. O-O h6 7. a4 a5 8. Be3 Ba7
9. Bxa7 Rxa7 10. Nbd2 O-O 11. d4 exd4 12. cxd4 d5 13. exd5 Nb4 14. Ne5 Nfxd5
15. Ne4 Bf5 16. Re1 Bxe4 17. Rxe4 Qd6 18. Qf3 c6 19. Rae1 Raa8 20. Bb3 Rad8 21.
h4 Rde8 22. g4 Qd8 23. Qg3 Re6 24. f4 Rd6 25. g5 h5 26. f5 Qc8 27. Nxf7 1-0

[Event "Chess24 Banter Blitz Cup"]
[Site "chess24.com INT"]
[Date "2020.01.04"]
[Round "2.9"]
[White "Gozzoli, Yannick"]
[Black "Svidler, Peter"]
[Result "1-0"]
[WhiteElo "2604"]
[BlackElo "2729"]
[PlyCount "81"]
[EventDate "2019.09.25"]
[EventType "k.o. (blitz)"]
[EventRounds "7"]
[EventCountry "USA"]
[SourceTitle "CBM 194 Extra"]
[Source "ChessBase"]
[SourceDate "2020.03.31"]
[SourceVersion "1"]
[SourceVersionDate "2020.03.31"]
[SourceQuality "1"]

1. d4 d5 2. Nf3 Nf6 3. c4 c6 4. Nc3 a6 5. g3 e6 6. a4 dxc4 7. Bg2 Nbd7 8. a5
Bd6 9. O-O O-O 10. Bf4 Bxf4 11. gxf4 Nd5 12. e3 c5 13. Ne4 cxd4 14. Qxd4 b5 15.
axb6 Qxb6 16. Rfc1 Bb7 17. Rxc4 Rab8 18. Rac1 Ba8 19. R4c2 Nb4 20. Rc7 Bxe4 21.
Qxe4 Nf6 22. Qb1 Nbd5 23. R7c2 Nxe3 24. fxe3 Qxe3+ 25. Kh1 Qxf4 26. Rf1 Rb4 27.
Re2 Qc4 28. Qe1 Qb5 29. Ne5 Rxb2 30. Re3 Nd5 31. Rg3 g6 32. Ng4 f5 33. Qxe6+
Kg7 34. Qe5+ Nf6 35. Nxf6 Qxe5 36. Nh5+ Kh8 37. Nf4 Qc7 38. Rh3 Qxf4 39. Rxf4
Rb1+ 40. Rf1 Rd8 41. Re3 1-0

[Event "Chess24 Banter Blitz Cup"]
[Site "chess24.com INT"]
[Date "2020.01.04"]
[Round "2.10"]
[White "Svidler, Peter"]
[Black "Gozzoli, Yannick"]
[Result "0-1"]
[WhiteElo "2729"]
[BlackElo "2604"]
[PlyCount "76"]
[EventDate "2019.09.25"]
[EventType "k.o. (blitz)"]
[EventRounds "7"]
[EventCountry "USA"]
[SourceTitle "CBM 194 Extra"]
[Source "ChessBase"]
[SourceDate "2020.03.31"]
[SourceVersion "1"]
[SourceVersionDate "2020.03.31"]
[SourceQuality "1"]

1. e4 e5 2. Nf3 Nc6 3. Bb5 a6 4. Ba4 Nf6 5. O-O Be7 6. d3 d6 7. c4 O-O 8. h3
Nd4 9. Nxd4 exd4 10. Nd2 Rb8 11. Nf3 b5 12. Bb3 c5 13. e5 dxe5 14. Nxe5 Qc7 15.
Re1 Bd6 16. Nf3 Bb7 17. Bg5 Nd7 18. Qe2 h6 19. Bd2 Nf6 20. Ne5 Rbe8 21. f4 Nd7
22. cxb5 Nxe5 23. fxe5 Rxe5 24. Qg4 Bc8 25. Qh4 Rxe1+ 26. Rxe1 axb5 27. Bxh6 c4
28. Qg5 f6 29. Qd5+ Kh7 30. dxc4 gxh6 31. Bc2+ Kg7 32. Qxb5 Be5 33. c5 Bb7 34.
Qd3 f5 35. b4 Be4 36. Qc4 Qc6 37. b5 Qg6 38. Qe2 Qg3 0-1

[Event "Chess24 Banter Blitz Cup"]
[Site "chess24.com INT"]
[Date "2020.01.04"]
[Round "2.11"]
[White "Gozzoli, Yannick"]
[Black "Svidler, Peter"]
[Result "0-1"]
[WhiteElo "2604"]
[BlackElo "2729"]
[PlyCount "80"]
[EventDate "2019.09.25"]
[EventType "k.o. (blitz)"]
[EventRounds "7"]
[EventCountry "USA"]
[SourceTitle "CBM 194 Extra"]
[Source "ChessBase"]
[SourceDate "2020.03.31"]
[SourceVersion "1"]
[SourceVersionDate "2020.03.31"]
[SourceQuality "1"]

1. d4 Nf6 2. Nf3 g6 3. Bg5 Bg7 4. c3 d5 5. Nbd2 O-O 6. e3 Nbd7 7. Be2 Re8 8.
O-O e5 9. b4 c6 10. a4 a5 11. b5 c5 12. Nb3 e4 13. Ne1 c4 14. Nd2 Nf8 15. Nc2
Ne6 16. Bh4 Bh6 17. f4 exf3 18. Nxf3 Ng7 19. Ne5 Nf5 20. Bxf6 Qxf6 21. e4 dxe4
22. Ng4 Qg5 23. Nxh6+ Qxh6 24. Bxc4 Be6 25. Bxe6 Rxe6 26. c4 e3 27. Qe2 Re4 28.
Rad1 Qh4 29. g3 Nxg3 30. hxg3 Qxg3+ 31. Qg2 Qxg2+ 32. Kxg2 e2 33. Kf3 exf1=Q+
34. Rxf1 Rae8 35. c5 Re2 36. Rc1 Rd2 37. c6 bxc6 38. bxc6 Rd3+ 39. Kf2 Rc3 40.
d5 Rd8 0-1

[Event "Chess24 Banter Blitz Cup"]
[Site "chess24.com INT"]
[Date "2020.01.04"]
[Round "2.12"]
[White "Svidler, Peter"]
[Black "Gozzoli, Yannick"]
[Result "0-1"]
[WhiteElo "2729"]
[BlackElo "2604"]
[PlyCount "86"]
[EventDate "2019.09.25"]
[EventType "k.o. (blitz)"]
[EventRounds "7"]
[EventCountry "USA"]
[SourceTitle "CBM 194 Extra"]
[Source "ChessBase"]
[SourceDate "2020.03.31"]
[SourceVersion "1"]
[SourceVersionDate "2020.03.31"]
[SourceQuality "1"]

1. c4 e5 2. g3 Nf6 3. Bg2 h6 4. Nc3 Bb4 5. e4 Bxc3 6. bxc3 d6 7. d3 a6 8. a4
O-O 9. f4 Nbd7 10. f5 c6 11. g4 d5 12. cxd5 cxd5 13. Ba3 Re8 14. Nh3 Qc7 15.
O-O Qxc3 16. exd5 Qd4+ 17. Nf2 Nxd5 18. Bxd5 Qxd5 19. Ne4 Nf6 20. Qf3 Qd4+ 21.
Qf2 Nxe4 22. Qxd4 exd4 23. dxe4 Rxe4 24. h3 Bd7 25. Bc5 Bc6 26. a5 Rd8 27. Rae1
d3 28. Rxe4 Bxe4 29. Rd1 Bf3 30. Rd2 Rc8 31. Bb6 Be2 32. Kf2 g6 33. fxg6 fxg6
34. Ke3 Kf7 35. Rb2 Ke6 36. Bd4 Kd5 37. Bg7 h5 38. gxh5 gxh5 39. Rxb7 Rc5 40.
Re7 Kc4 41. Re5 Rc6 42. Rxh5 Rg6 43. Bb2 Kb3 0-1

[Event "Chess24 Banter Blitz Cup"]
[Site "chess24.com INT"]
[Date "2020.01.04"]
[Round "2.13"]
[White "Gozzoli, Yannick"]
[Black "Svidler, Peter"]
[Result "0-1"]
[WhiteElo "2604"]
[BlackElo "2729"]
[PlyCount "91"]
[EventDate "2019.09.25"]
[EventType "k.o. (blitz)"]
[EventRounds "7"]
[EventCountry "USA"]
[SourceTitle "CBM 194 Extra"]
[Source "ChessBase"]
[SourceDate "2020.03.31"]
[SourceVersion "1"]
[SourceVersionDate "2020.03.31"]
[SourceQuality "1"]

1. d4 Nf6 2. Nf3 d5 3. c4 e6 4. Nc3 c6 5. Bg5 h6 6. Bh4 dxc4 7. e4 g5 8. Bg3 b5
9. Be2 Bb7 10. O-O Nbd7 11. e5 Nd5 12. a4 a6 13. Nxd5 cxd5 14. Ne1 Qb6 15. Bh5
Bg7 16. a5 Qa7 17. Kh1 O-O 18. f4 f5 19. fxg5 hxg5 20. Nf3 Bh6 21. Be1 Kh7 22.
Bd2 g4 23. Ng5+ Bxg5 24. Bxg5 Rg8 25. Bf4 Nf8 26. h3 gxh3 27. gxh3 Bc6 28. Qe1
Qe7 29. Qe3 Be8 30. Be2 Ng6 31. Bg5 f4 32. Bxf4 Nxf4 33. Rxf4 Bg6 34. Rf6 Raf8
35. Raf1 Qg7 36. Bg4 Be4+ 37. Kh2 Bf5 38. Rf3 Rxf6 39. exf6 Qxf6 40. Qf4 Qg5
41. Qe5 Bxg4 42. hxg4 Qxe5+ 43. dxe5 Rxg4 44. Rf6 Rg6 45. Rf7+ Rg7 46. Ra7 0-1

[Event "Chess24 Banter Blitz Cup"]
[Site "chess24.com INT"]
[Date "2020.01.04"]
[Round "2.14"]
[White "Svidler, Peter"]
[Black "Gozzoli, Yannick"]
[Result "0-1"]
[WhiteElo "2729"]
[BlackElo "2604"]
[PlyCount "130"]
[EventDate "2019.09.25"]
[EventType "k.o. (blitz)"]
[EventRounds "7"]
[EventCountry "USA"]
[SourceTitle "CBM 194 Extra"]
[Source "ChessBase"]
[SourceDate "2020.03.31"]
[SourceVersion "1"]
[SourceVersionDate "2020.03.31"]
[SourceQuality "1"]

1. e4 e5 2. Nf3 Nc6 3. Bb5 a6 4. Ba4 Nf6 5. O-O Be7 6. Re1 b5 7. Bb3 d6 8. c3
O-O 9. h3 Bb7 10. d4 Re8 11. Nbd2 Bf8 12. a3 h6 13. Bc2 Nb8 14. b4 Nbd7 15. Bb2
g6 16. a4 Nh5 17. Nb3 Rb8 18. axb5 axb5 19. Na5 Ba8 20. d5 Nf4 21. Bc1 Qf6 22.
h4 Nb6 23. g3 Nh5 24. Be3 Qd8 25. Bd3 Nc4 26. Nxc4 bxc4 27. Bxc4 Nf6 28. Nd2
Bb7 29. Ra7 Bc8 30. Be2 h5 31. f3 Kh7 32. Bf1 Bh6 33. Bxh6 Kxh6 34. Nc4 Kg7 35.
Qd2 Nh7 36. Na5 Bd7 37. Nc6 Bxc6 38. dxc6 f5 39. exf5 gxf5 40. b5 f4 41. gxf4
Qxh4 42. Re2 Kh8 43. Rh2 Qg3+ 44. Rg2 Qxf3 45. Rxc7 Rg8 46. Rxh7+ Kxh7 47. Qd3+
Qxd3 48. Bxd3+ Kh6 49. c7 Rxg2+ 50. Kxg2 Rg8+ 51. Kh3 exf4 52. b6 Rg3+ 53. Kh2
Rxd3 54. c8=Q Kg5 55. Qg8+ Kh4 56. Qg2 Rxc3 57. Qf2+ Kg4 58. b7 Rb3 59. Qg2+
Kh4 60. Qd5 Rb2+ 61. Kg1 Kg3 62. Qd3+ f3 63. Qg6+ Kf4 64. Qf6+ Kg3 65. Qxb2 h4
0-1

[Event "Chess24 Banter Blitz Cup"]
[Site "chess24.com INT"]
[Date "2019.12.23"]
[Round "2.15"]
[White "Gozzoli, Yannick"]
[Black "Svidler, Peter"]
[Result "1-0"]
[WhiteElo "2604"]
[BlackElo "2729"]
[PlyCount "75"]
[EventDate "2019.09.25"]
[EventType "k.o. (blitz)"]
[EventRounds "7"]
[EventCountry "USA"]
[SourceTitle "CBM 194 Extra"]
[Source "ChessBase"]
[SourceDate "2020.03.31"]
[SourceVersion "1"]
[SourceVersionDate "2020.03.31"]
[SourceQuality "1"]

1. d4 Nf6 2. Nf3 g6 3. Bg5 Bg7 4. c3 d5 5. Nbd2 O-O 6. e3 Nbd7 7. Be2 Re8 8.
O-O c6 9. c4 Qb6 10. cxd5 cxd5 11. Qb3 e6 12. Rfc1 Qa5 13. Bf4 Ne4 14. Qb5 Qxb5
15. Bxb5 a6 16. Rxc8 Rexc8 17. Bxd7 Rc2 18. Nxe4 dxe4 19. Ng5 b5 20. Nxe4 Rd8
21. Nc5 e5 22. Bg5 f6 23. Be6+ Kh8 24. Bh4 exd4 25. Nb3 dxe3 26. fxe3 Rd3 27.
Bf2 f5 28. Re1 Rxb2 29. Nd4 Rdd2 30. Rf1 f4 31. Nf3 fxe3 32. Nxd2 exf2+ 33.
Kxf2 Rxd2+ 34. Ke3 Rd6 35. Bb3 a5 36. Rc1 a4 37. Rc8+ Bf8 38. Rxf8+ 1-0

[Event "Pepe Cuenca Invitational"]
[Site "chess24.com INT"]
[Date "2020.04.14"]
[Round "2.1"]
[White "Anton Guijarro, David"]
[Black "Svidler, Peter"]
[Result "0-1"]
[WhiteElo "2703"]
[BlackElo "2723"]
[PlyCount "126"]
[EventDate "2020.04.12"]
[EventType "k.o."]
[EventRounds "3"]
[EventCountry "USA"]
[SourceTitle "CBM 195 Extra"]
[Source "ChessBase"]
[SourceDate "2020.05.31"]
[SourceVersion "1"]
[SourceVersionDate "2020.05.31"]
[SourceQuality "1"]

1. Nf3 Nf6 2. b3 g6 3. Bb2 Bg7 4. g3 O-O 5. Bg2 c5 6. O-O d5 7. e3 Nc6 8. Ne5
Nxe5 9. Bxe5 Bg4 10. Qc1 Qd7 11. d3 Bh3 12. Nd2 Bxg2 13. Kxg2 Ne8 14. Bxg7 Nxg7
15. Qb2 f6 16. d4 Rac8 17. c3 Nf5 18. Rfe1 Nd6 19. Rad1 b6 20. Kg1 e5 21. e4
exd4 22. cxd4 c4 23. bxc4 dxc4 24. Qc2 b5 25. e5 Nf5 26. Nf3 Qd5 27. Qe4 Ne7
28. e6 c3 29. Rc1 Qxe4 30. Rxe4 Nd5 31. Ne1 b4 32. Nd3 a5 33. Nc5 Rfe8 34. f4
Kf8 35. g4 Ke7 36. f5 gxf5 37. gxf5 Rg8+ 38. Kf2 Rg5 39. Rh4 h5 40. Ke2 Rcg8
41. Kd3 Rxf5 42. Kc4 Rg2 43. a3 bxa3 44. Re4 a2 45. Ree1 Rb2 46. Rg1 Rb4+ 47.
Kd3 Rf3+ 48. Ke4 Rf4+ 49. Kxd5 Rfxd4+ 50. Kc6 Rg4 51. Rgd1 Rgd4 52. Rg1 Rg4 53.
Rgd1 Rbd4 54. Re1 Rd6+ 55. Kb5 Rb4+ 56. Kxa5 Rb2 57. Rg1 Rd5 58. Rg7+ Kd6 59.
Rd7+ Kxc5 60. Rxc3+ Kd4+ 61. Rxd5+ Kxd5 62. Ra3 Kxe6 63. Ka4 f5 0-1

[Event "Pepe Cuenca Invitational"]
[Site "chess24.com INT"]
[Date "2020.04.14"]
[Round "2.2"]
[White "Svidler, Peter"]
[Black "Anton Guijarro, David"]
[Result "1/2-1/2"]
[WhiteElo "2723"]
[BlackElo "2703"]
[PlyCount "73"]
[EventDate "2020.04.12"]
[EventType "k.o."]
[EventRounds "3"]
[EventCountry "USA"]
[SourceTitle "CBM 195 Extra"]
[Source "ChessBase"]
[SourceDate "2020.05.31"]
[SourceVersion "1"]
[SourceVersionDate "2020.05.31"]
[SourceQuality "1"]

1. c4 f5 2. g3 Nf6 3. Bg2 g6 4. Nf3 Bg7 5. O-O O-O 6. d4 d6 7. Nc3 c6 8. Rb1
Ne4 9. Qc2 Nxc3 10. bxc3 e5 11. dxe5 dxe5 12. e4 Qe7 13. Bh3 Na6 14. exf5 gxf5
15. Re1 e4 16. Nd4 Qf7 17. Ba3 Re8 18. f3 Qxc4 19. Nxf5 Bxf5 20. Bxf5 exf3 21.
Bxh7+ Kh8 22. Bg6 Rxe1+ 23. Rxe1 Qxc3 24. Qxc3 Bxc3 25. Re7 Bd4+ 26. Kf1 Rd8
27. Rxb7 Nc5 28. Rf7 f2 29. Bc2 Re8 30. Bb4 Ne4 31. Rf4 c5 32. Rxe4 Rxe4 33.
Bxe4 cxb4 34. h4 Kg7 35. g4 a5 36. Bc2 Be3 37. g5 1/2-1/2

[Event "Pepe Cuenca Invitational"]
[Site "chess24.com INT"]
[Date "2020.04.14"]
[Round "2.3"]
[White "Anton Guijarro, David"]
[Black "Svidler, Peter"]
[Result "1/2-1/2"]
[WhiteElo "2703"]
[BlackElo "2723"]
[PlyCount "53"]
[EventDate "2020.04.12"]
[EventType "k.o."]
[EventRounds "3"]
[EventCountry "USA"]
[SourceTitle "CBM 195 Extra"]
[Source "ChessBase"]
[SourceDate "2020.05.31"]
[SourceVersion "1"]
[SourceVersionDate "2020.05.31"]
[SourceQuality "1"]

1. Nf3 Nf6 2. b3 c5 3. Bb2 d5 4. e3 a6 5. g3 Nc6 6. Bg2 Bf5 7. O-O e6 8. d3 h6
9. Nbd2 Be7 10. Re1 Bh7 11. e4 O-O 12. exd5 Nxd5 13. Nc4 Rc8 14. a4 b5 15. axb5
axb5 16. Nce5 Nxe5 17. Nxe5 Bf6 18. Qe2 Qc7 19. h4 c4 20. bxc4 bxc4 21. dxc4
Bxe5 22. Bxe5 Qxc4 23. Qxc4 Rxc4 24. Bxd5 exd5 25. c3 Be4 26. Bd4 Rcc8 27. Re3
1/2-1/2

[Event "Pepe Cuenca Invitational"]
[Site "chess24.com INT"]
[Date "2020.04.14"]
[Round "2.4"]
[White "Svidler, Peter"]
[Black "Anton Guijarro, David"]
[Result "0-1"]
[WhiteElo "2723"]
[BlackElo "2703"]
[PlyCount "106"]
[EventDate "2020.04.12"]
[EventType "k.o."]
[EventRounds "3"]
[EventCountry "USA"]
[SourceTitle "CBM 195 Extra"]
[Source "ChessBase"]
[SourceDate "2020.05.31"]
[SourceVersion "1"]
[SourceVersionDate "2020.05.31"]
[SourceQuality "1"]

1. e4 e5 2. Nf3 Nc6 3. Bb5 a6 4. Ba4 d6 5. c3 f5 6. exf5 Bxf5 7. O-O Bd3 8. Re1
Be7 9. Bc2 Bxc2 10. Qxc2 Nf6 11. d4 e4 12. Ng5 d5 13. f3 exf3 14. Nxf3 O-O 15.
Bg5 Qd7 16. Nbd2 Rae8 17. Bxf6 Bxf6 18. Nf1 Nd8 19. Ng3 g6 20. Qb3 c6 21. Ne4
Be7 22. Nf2 Nf7 23. Nd3 Bd6 24. Rxe8 Rxe8 25. Re1 Rxe1+ 26. Ndxe1 Qe7 27. Kf1
Nh6 28. Qc2 Ng4 29. Qd2 Nxh2+ 30. Nxh2 Bxh2 31. Nf3 Bg3 32. b3 Kg7 33. Qd3 h6
34. c4 Qe6 35. cxd5 cxd5 36. Qc3 g5 37. Ne5 Bxe5 38. dxe5 Kg6 39. Kg1 Kf5 40.
Qe3 Qxe5 41. Qd3+ Qe4 42. Qh3+ Kg6 43. Qd7 d4 44. Qd6+ Kf5 45. Qd7+ Kf4 46.
Qc7+ Ke3 47. Qc1+ Ke2 48. Qb2+ Kd1 49. a4 Qe3+ 50. Kh2 Qf4+ 51. Kg1 Qd2 52.
Qb1+ Ke2 53. Kh2 Qf4+ 0-1

[Event "Pepe Cuenca Invitational"]
[Site "chess24.com INT"]
[Date "2020.04.14"]
[Round "2.5"]
[White "Anton Guijarro, David"]
[Black "Svidler, Peter"]
[Result "0-1"]
[WhiteElo "2703"]
[BlackElo "2723"]
[PlyCount "110"]
[EventDate "2020.04.12"]
[EventType "k.o."]
[EventRounds "3"]
[EventCountry "USA"]
[SourceTitle "CBM 195 Extra"]
[Source "ChessBase"]
[SourceDate "2020.05.31"]
[SourceVersion "1"]
[SourceVersionDate "2020.05.31"]
[SourceQuality "1"]

1. e4 g6 2. d4 Bg7 3. Be3 d6 4. c4 Nf6 5. Nc3 O-O 6. h3 Na6 7. Nf3 e5 8. d5 Nc5
9. Nd2 a5 10. g4 Ne8 11. h4 Bf6 12. g5 Be7 13. Be2 f5 14. gxf6 Bxf6 15. Nf3 Ng7
16. Ng5 h6 17. Nf3 Bg4 18. Ng1 Bxe2 19. Qxe2 Bxh4 20. Nf3 Bg5 21. Nxg5 hxg5 22.
O-O-O Rf4 23. Bxf4 exf4 24. e5 dxe5 25. Qxe5 Nd7 26. Qe4 Qf6 27. d6 c6 28. Rhe1
Nf5 29. Qd3 Nc5 30. Qd2 Rd8 31. d7 Rxd7 32. Qxd7 Nxd7 33. Rxd7 Kf8 34. Rxb7 g4
35. Ne4 Qe5 36. Rd1 Nd4 37. Rh1 g3 38. fxg3 fxg3 39. Nxg3 Kg8 40. Rd1 Qe3+ 41.
Kb1 Qxg3 42. Re7 Qg4 43. Rf1 Qg2 44. Rc1 a4 45. a3 Nb3 46. Rd1 Kf8 47. Ra7 Nd2+
48. Ka1 Qe2 49. Rh1 Nb3+ 50. Ka2 Kg8 51. Rh4 Qd1 52. Ra8+ Kg7 53. Ra7+ Kf6 54.
Rxa4 Nc1+ 55. Kb1 Ne2+ 0-1

[Event "Pepe Cuenca Invitational"]
[Site "chess24.com INT"]
[Date "2020.04.14"]
[Round "2.6"]
[White "Svidler, Peter"]
[Black "Anton Guijarro, David"]
[Result "1/2-1/2"]
[WhiteElo "2723"]
[BlackElo "2703"]
[PlyCount "101"]
[EventDate "2020.04.12"]
[EventType "k.o."]
[EventRounds "3"]
[EventCountry "USA"]
[SourceTitle "CBM 195 Extra"]
[Source "ChessBase"]
[SourceDate "2020.05.31"]
[SourceVersion "1"]
[SourceVersionDate "2020.05.31"]
[SourceQuality "1"]

1. e4 c5 2. Nf3 Nc6 3. Bb5 d6 4. O-O Bg4 5. h3 Bh5 6. Bxc6+ bxc6 7. e5 dxe5 8.
g4 Bg6 9. Nxe5 Qc7 10. Re1 f6 11. Nxg6 hxg6 12. Qf3 e5 13. Na3 Ne7 14. Nc4 Nd5
15. d3 Be7 16. Bd2 Qd7 17. a3 Rh7 18. Kg2 O-O-O 19. b4 Rdh8 20. Rh1 Nb6 21.
Nxb6+ axb6 22. a4 e4 23. Qxe4 f5 24. Qf3 fxg4 25. hxg4 Rxh1 26. Rxh1 Rxh1 27.
Kxh1 cxb4 28. Kg2 Kb7 29. Qe4 Qd5 30. Kf3 Ka6 31. Qxd5 cxd5 32. Kf4 Ka5 33. Ke5
Kxa4 34. Kxd5 b3 35. cxb3+ Kxb3 36. d4 b5 37. Ke6 Bd8 38. d5 Kc4 39. d6 b4 40.
d7 b3 41. Bc1 Kd3 42. Kf7 g5 43. Ke8 Bf6 44. d8=Q+ Bxd8 45. Kxd8 Ke2 46. Ke7
Kf3 47. Kf7 Kxg4 48. Kxg7 Kf3 49. Kg6 Kxf2 50. Kxg5 b2 51. Bxb2 1/2-1/2

[Event "Pepe Cuenca Invitational"]
[Site "chess24.com INT"]
[Date "2020.04.14"]
[Round "2.7"]
[White "Anton Guijarro, David"]
[Black "Svidler, Peter"]
[Result "1/2-1/2"]
[WhiteElo "2703"]
[BlackElo "2723"]
[PlyCount "99"]
[EventDate "2020.04.12"]
[EventType "k.o."]
[EventRounds "3"]
[EventCountry "USA"]
[SourceTitle "CBM 195 Extra"]
[Source "ChessBase"]
[SourceDate "2020.05.31"]
[SourceVersion "1"]
[SourceVersionDate "2020.05.31"]
[SourceQuality "1"]

1. e4 c5 2. Nc3 a6 3. g3 b5 4. Bg2 Bb7 5. d3 g6 6. Be3 d6 7. Nh3 Bg7 8. Qd2 Nd7
9. O-O e6 10. d4 Ne7 11. Rad1 Qc7 12. d5 exd5 13. Nxd5 Bxd5 14. exd5 Nf5 15.
Bf4 O-O 16. c3 Rab8 17. Ng5 Nf6 18. Ne4 b4 19. Nxf6+ Bxf6 20. Be4 bxc3 21. bxc3
Ng7 22. Rb1 Nh5 23. Be3 Qa5 24. c4 Bc3 25. Qc2 Nf6 26. Bf3 Nd7 27. Kg2 Bd4 28.
Bd2 Qc7 29. Qa4 Ne5 30. Be2 Qd7 31. Qxd7 Nxd7 32. Rb3 Rxb3 33. axb3 Rb8 34. Rb1
Nf6 35. f3 Nd7 36. f4 f5 37. h3 Kf7 38. Kf3 Nf6 39. g4 Ne4 40. Be1 Nc3 41. Bxc3
Bxc3 42. gxf5 gxf5 43. Bd3 Kf6 44. Bc2 a5 45. Rg1 h6 46. h4 Re8 47. h5 Re3+ 48.
Kxe3 Bd4+ 49. Kf3 Bxg1 50. Bd3 1/2-1/2

[Event "Pepe Cuenca Invitational"]
[Site "chess24.com INT"]
[Date "2020.04.14"]
[Round "2.8"]
[White "Svidler, Peter"]
[Black "Anton Guijarro, David"]
[Result "1-0"]
[WhiteElo "2723"]
[BlackElo "2703"]
[PlyCount "69"]
[EventDate "2020.04.12"]
[EventType "k.o."]
[EventRounds "3"]
[EventCountry "USA"]
[SourceTitle "CBM 195 Extra"]
[Source "ChessBase"]
[SourceDate "2020.05.31"]
[SourceVersion "1"]
[SourceVersionDate "2020.05.31"]
[SourceQuality "1"]

1. e4 c5 2. Nf3 Nc6 3. Nc3 g6 4. d4 cxd4 5. Nxd4 Bg7 6. Be3 Nf6 7. Bc4 Qa5 8.
O-O O-O 9. Nb3 Qc7 10. Bg5 a6 11. f4 e6 12. e5 Ne8 13. Ne4 Nxe5 14. fxe5 Qxe5
15. Bd3 d5 16. Bf4 Qxb2 17. Nec5 Qa3 18. Rb1 b6 19. Bc1 Qb4 20. Rf4 d4 21. a3
Qxc5 22. Nxc5 bxc5 23. Qf3 Ra7 24. Qc6 e5 25. Rf1 Rc7 26. Qa4 Nd6 27. Rb6 c4
28. Rxd6 cxd3 29. cxd3 Bg4 30. Re1 Rfc8 31. Bg5 Rc2 32. Rd8+ Rxd8 33. Bxd8 Rc8
34. Qe8+ Bf8 35. Rxe5 1-0

[Event "Pepe Cuenca Invitational"]
[Site "chess24.com INT"]
[Date "2020.04.14"]
[Round "2.9"]
[White "Anton Guijarro, David"]
[Black "Svidler, Peter"]
[Result "1/2-1/2"]
[WhiteElo "2703"]
[BlackElo "2723"]
[PlyCount "75"]
[EventDate "2020.04.12"]
[EventType "k.o."]
[EventRounds "3"]
[EventCountry "USA"]
[SourceTitle "CBM 195 Extra"]
[Source "ChessBase"]
[SourceDate "2020.05.31"]
[SourceVersion "1"]
[SourceVersionDate "2020.05.31"]
[SourceQuality "1"]

1. e4 e5 2. Nf3 Nc6 3. Bb5 a6 4. Ba4 Nf6 5. O-O Be7 6. d3 b5 7. Bb3 d6 8. c3
O-O 9. Re1 Na5 10. Bc2 c5 11. Nbd2 Nc6 12. Nf1 h6 13. a4 Be6 14. d4 cxd4 15.
cxd4 exd4 16. Nxd4 Nxd4 17. Qxd4 Nd7 18. Ne3 Qb6 19. Qxb6 Nxb6 20. Nd5 Bxd5 21.
exd5 Bf6 22. axb5 axb5 23. Rxa8 Rxa8 24. Bf4 Bxb2 25. Bxd6 Nxd5 26. Be4 Rd8 27.
Bxd5 Rxd6 28. Re8+ Kh7 29. Bb3 Rd2 30. Kf1 Bd4 31. Re2 Rxe2 32. Kxe2 Kg6 33. g3
Kf6 34. f3 b4 35. Kd3 Bg1 36. h3 Bf2 37. g4 g6 38. Ke4 1/2-1/2